Dyktatorzy na obrazach - Statystyki

Ogólne statystyki
  • Ten quiz został rozwiązany 522 razy
  • Średni wynik to 8 z 24
Statystyki odpowiedzi
Obrazkowy Odpowiedź % Poprawnych
Adolf Hitler
100%
Józef Stalin
96%
Mao Zedong
75%
Kim Dzong Un
65%
Włodzimierz Lenin
53%
Benito Mussolini
52%
Kim Ir Sen
52%
Fidel Castro
45%
Kim Dzong Il
38%
Leonid Breżniew
33%
Pol Pot
32%
Saddam Husajn
32%
Francisco Franco
29%
Xi Jinping
28%
Hugo Chavez
18%
Baszar al-Asad
13%
Augusto Pinochet
12%
Nicolae Ceausescu
9%
Manuel Noriega
7%
Mobutu Sese Seko
7%
Muammar al-Kadaffi
7%
Suharto
7%
Ismail Enver Pasza
5%
Saparmyrat Nyyazow
3%
Nie znaleziono quizów pasujących do podanych kryteriów
Rozkład punktacji
Procent ludzi z każdym wynikiem
Percentyl według liczby udzielonych odpowiedzi
Twoja historia wyników
Nie rozwiązałeś tego quizu